|
003 -Nazwa inst., której nr kontr. jest w polu 001 [,]
|
-
- @
- Nazwa instytucji, której n kontrolny jest w polu 001
- NUKAT
|
|
005 -DATA I CZAS OSTATNIEJ MODYFIKACJI [,]
|
-
- @
- pole kontrolne
- 20241231094910.0
|
|
020 -Międzynarod. znormalizowany nr książki - ISBN [ , ]
|
-
- a
- Numer ISBN
- 9788324213276
|
|
040 -Instytucja sporządzająca opis [ , ]
|
-
- a
- Instytucja, która sporządziła opis (NP)
- Ł U/BK
-
- c
- Instytucja, która sporządziła rekord (NP)
- Ł U/BK
-
- d
- Instytucja, która zmodyfikowała rekord (P)
- Ł U/GS
-
- d
- Instytucja, która zmodyfikowała rekord (P)
- Ł U/RRs
|
|
041 -Język dokumentu [1, ]
|
-
- a
- Język tekstu (P)
- polski
-
- h
- Język tekstu oryginalnego i/lub pośredniego (P)
- nieokreślone
|
|
942 -Rodzaj dokumentu [ , ]
|
-
- c
- Rodzaj dokumentu
- Książka
|
|
245 -Strefa tytułu i oznaczenia odpowiedzialności [1,0]
|
-
- a
- Tytuł
- Polonistyka bez granic :
-
- b
- Ciąg dalszy tytułu (NP)
- IV Kongres Polonistyki Zagranicznej, Uniwersytet Jagielloński, 9-11 października 2008 r.
-
- n
- Oznaczenie części (P)
- T. 2,
-
- p
- Nazwa części (P)
- Glottodydaktyka polonistyczna, współczesny język polski, językowy obraz świata /
-
- c
- Pozostałe elementy strefy tytułu i oznaczenia odpowiedzialności (NP)
- red. Ryszard Nycz, Władysław Miodunka, Tomasz Kunz.
|
|
246 -Wariant tytułu [3,0]
|
-
- a
- Tytuł (NP)
- Glottodydaktyka polonistyczna, współczesny język polski, językowy obraz świata
|
|
246 -Wariant tytułu [3,0]
|
-
- a
- Tytuł (NP)
- Kongres Polonistyki Zagranicznej, 4
|
|
260 -Strefa adresu wydawniczego [ , ]
|
-
- a
- Miejsce wydania (P)
- Kraków :
-
- b
- Nazwa wydawcy (P)
- Towarzystwo Autorów i Wydawców Prac Naukowych Universitas,
-
- c
- Data wydania (P)
- cop. 2011.
|
|
080 -Uniwersalna Klasyfikacja Dziesiętna [ , ]
|
-
- 2
- Identyfikator wydania tablic
- UDC-P058
-
-
- a
- Symbol klasyfikacji
- 37.016:811.162.1
-
- b
- Dopowiedzenie
- Nauczanie języka polskiego.
-
-
-
- c
- Dopowiedzenie poddz. wspólnego
- (Wydawnictwa odnoszące się do konferencji, zjazdów itd. Sprawozdania z konferencji).
|
|
080 -Uniwersalna Klasyfikacja Dziesiętna [ , ]
|
-
- 2
- Identyfikator wydania tablic
- UDC-P058
-
-
- a
- Symbol klasyfikacji
- 81-11
-
- b
- Dopowiedzenie
- Szkoły i kierunki w językoznawstwie. Językoznawstwo diachroniczne (historyczne), językoznawstwo synchroniczne (opisowe), strukturalizm (językoznawstwo strukturalne).
-
-
-
- c
- Dopowiedzenie poddz. wspólnego
- (Wydawnictwa odnoszące się do konferencji, zjazdów itd. Sprawozdania z konferencji).
|
|
080 -Uniwersalna Klasyfikacja Dziesiętna [ , ]
|
-
- 2
- Identyfikator wydania tablic
- UDC-P058
-
-
- a
- Symbol klasyfikacji
- 811.162.1'27
-
- b
- Dopowiedzenie
- Język polski. - Socjolingwistyka. Stosowanie języka.
-
-
-
- c
- Dopowiedzenie poddz. wspólnego
- (Wydawnictwa odnoszące się do konferencji, zjazdów itd. Sprawozdania z konferencji).
|
|
650 -Hasło przedmiotowe [ ,7]
|
-
- a
- Hasło przedmiotowe
- Język polski
-
- x
- Określnik rzeczowy
- studia i nauczanie (akademickie)
-
- z
- Określnik geograficzny
- za granicą
-
- v
- Określnik formalny
- konferencje.
-
-
|
|
650 -Hasło przedmiotowe [ ,7]
|
-
- a
- Hasło przedmiotowe
- Język polski
-
- z
- Określnik geograficzny
- za granicą
-
- v
- Określnik formalny
- konferencje.
-
-
|
|
650 -Hasło przedmiotowe [ ,7]
|
-
- a
- Hasło przedmiotowe
- Język polski
-
- x
- Określnik rzeczowy
- tłumaczenie
-
- v
- Określnik formalny
- konferencje.
-
-
|
|
650 -Hasło przedmiotowe [ ,7]
|
-
- a
- Hasło przedmiotowe
- Język polski
-
- x
- Określnik rzeczowy
- gramatyka porównawcza
-
- v
- Określnik formalny
- konferencje.
-
-
|
|
650 -Hasło przedmiotowe [ ,7]
|
-
- a
- Hasło przedmiotowe
- Języki obce
-
- x
- Określnik rzeczowy
- studia i nauczanie
-
- v
- Określnik formalny
- konferencje.
-
-
|
|
650 -Hasło przedmiotowe [ ,7]
|
-
- a
- Hasło przedmiotowe
- Językowy obraz świata
-
- v
- Określnik formalny
- konferencje.
-
-
|
|
980 -Symbol UKD [ , ]
|
-
- a
- UKD
- 37.016:811.162.1:811.162.1'27:81-11](061)
|